Language Quiz

Random Language or Letter Quiz

Words That Begin with 'CON' Quiz Stats

 Plays Quiz Updated Jun 28, 2014

Support Sporcle.
Go Orange.
Score 0/18 Timer 04:00
0 Plays Today
Con Answer % Correct
+ opposite of back = to accostConfront
88.1%
+ not lost = to confuseConfound
86.8%
+ a monetary penalty = to encloseConfine
80.2%
+ horse's home = police officerConstable
79.8%
+ farm vehicle = builderContractor
77.8%
+ spelunking location = curved or depressedConcave
77.8%
+ finished = to pardon or forgiveCondone
72.9%
+ not permanent = modernContemporary
66.7%
+ to blend by melting together = to baffle or perplexConfuse
62.2%
Con Answer % Correct
+ moving or coming downward = patronisingCondescending
59.7%
+ not soft = to validate or ratifyConfirm
41.6%
+ compressed, thick = to abbreviate or abridgeCondense
40.6%
+ an exploration or crusade = a victoryConquest
36.5%
+ to aid or supply = to save or maintainConserve
32%
+ to care for = to compete; to assertContend
28.7%
+ a guide or a pattern = to considerContemplate
20.5%
+ erotic or arousing = in agreementConsensual
17.9%
+ form or shape = to set upConfigure
6%

You're not logged in!

Compare scores with friends on all Sporcle quizzes.
OR
Log In

From the Vault

What's in the Box: Africa (Blitz)

by Barbecue

Well, we already told you what's in the box - you're welcome!
Remove Ads.
Support Sporcle.
Get the best of Sporcle when you Go Orange. This ad-free experience offers more features, more stats, and more fun while also helping to support Sporcle. Thank you for becoming a member.

Show Comments

Extras

Top Quizzes Today


Score Distribution

Your Account Isn't Verified!

In order to create a playlist on Sporcle, you need to verify the email address you used during registration. Go to your Sporcle Settings to finish the process.

Report this User

Report this user for behavior that violates our Community Guidelines.

Details: